[Event "Styrian op U08/12 26th"]
[Site "Mureck"]
[Date "2019.08.03"]
[Round "4"]
[White "Berghofer, Julian Marco"]
[Black "Schwarz, Felix1111"]
[Result "1/2-1/2"]
[WhiteElo "952"]
[BlackElo "1229"]
[PlyCount "68"]
[EventDate "2019.07.31"]
[EventType "swiss"]
[EventRounds "9"]
[EventCountry "AUT"]
[SourceTitle "EXT 2020"]
[Source "ChessBase"]
[SourceDate "2019.10.17"]
[SourceVersion "1"]
[SourceVersionDate "2019.10.17"]
[SourceQuality "1"]

1. e4 e6 2. d4 d5 3. e5 c5 4. c3 Nc6 5. Nf3 Qb6 6. Be2 Nge7 7. 0-0 Nf5 8. dxc5 Bxc5 9. Nbd2 a5 10. Nb3 Be7 11. Bf4 a4 12. Nbd2 Qxb2 13. Qc1 Qxc1 14. Raxc1 0-0 15. Bb5 Ra5 16. Rb1 Na7 17. Bd3 Nc6 18. Rfe1 Ra8 19. c4 dxc4 20. Bxc4 Nfd4 21. Nxd4 Nxd4 22. Red1 h5 23. Ne4 Nf5 24. Bg5 Bxg5 25. Nxg5 b5 26. Bxb5 Ba6 27. Bxa4 Be2 28. Rd2 Rxa4 29. Rxe2 Rfa8 30. h3 g6 31. Rbb2 Ra3 32. Rbd2 Ne7 33. Nf3 Nd5 34. Rc2 R8a7 1/2-1/2

[Event "Styrian op U08/12 26th"]
[Site "Mureck"]
[Date "2019.08.02"]
[Round "3"]
[White "Rabitsch, David"]
[Black "Berghofer, Julian Marco"]
[Result "1/2-1/2"]
[WhiteElo "1246"]
[BlackElo "952"]
[PlyCount "61"]
[EventDate "2019.07.31"]
[EventType "swiss"]
[EventRounds "9"]
[EventCountry "AUT"]
[SourceTitle "EXT 2020"]
[Source "ChessBase"]
[SourceDate "2019.10.17"]
[SourceVersion "1"]
[SourceVersionDate "2019.10.17"]
[SourceQuality "1"]

1. e4 e5 2. Nf3 Nc6 3. Nc3 Bb4 4. Bb5 d6 5. d3 h6 6. h3 Bd7 7. 0-0 Nf6 8. a3 Bxc3 9. bxc3 0-0 10. Re1 a6 11. Bc4 Be6 12. Bxe6 fxe6 13. d4 exd4 14. cxd4 e5 15. d5 Ne7 16. Rb1 b6 17. Bb2 Ng6 18. Bc3 Qd7 19. Rb3 Qa4 20. Bb2 a5 21. Qd3 Nf4 22. Qb5 Qxb5 23. Rxb5 Nd7 24. Re3 Rab8 25. Kh2 Ra8 26. Kg1 Rab8 27. Kh2 Ra8 28. Kg1 Rab8 29. Kh2 Ra8 30. Kg1 Rab8 31. Kh2 1/2-1/2